=LDR 00000nam 2200000 4500 =001 INLIS000000000014974 =005 20130612110244 =008 ***********************************Ind** =035 ##$$0010-061300000014974 =041 ##$$a Ind =082 ##$$a 633.83 =090 ##$$a 633.83, Kop k =100 ##$$a Santoso, Hieronymus Budi =245 ##$$a Kapulaga, Hieronymus budi santoso =260 ##$$a 1988 $b Yogyakarta =300 ##$$a 59 hlm, Ilus, 21 cm =650 ##$$a Kapulaga =850 ##$$a NBPNMAT